000234613 001__ 234613
000234613 005__ 20221001000457.0
000234613 0247_ $$2EXP:(Ds200)$$aEXP:(DE-Ds200)SBio_Patera-20200803
000234613 035__ $$aEXP:(DE-Ds200)SBio_Patera-20200803
000234613 150__ $$aSBio_Patera: FOOT @ GSI (POF3-315; HTA)
000234613 371__ $$aPatera, Vincenzo
000234613 450__ $$0EXP:(DE-Ds200)HTA-20200803$$aHTA$$wt
000234613 450__ $$aSBio_Patera$$wd
000234613 750_7 $$0V:(DE-HGF)12$$2V:(DE-HGF)$$aExperiment
000234613 751_7 $$2DE-HGF$$aIGN_4_I:(DE-H253)HAS-User-20120731 [DESY]
000234613 751_7 $$2DE-HGF$$aIGN_4_DESY [DESY]
000234613 751_7 $$2DE-HGF$$aIGN_4_DKFZ [DKFZ]
000234613 751_7 $$2DE-HGF$$aIGN_4_IMPULSE
000234613 751_7 $$2DE-HGF$$aIGN_4_DZNE [DZNE]
000234613 909CO $$ooai:repository.gsi.de:234613$$pauthority:Experiment$$pauthority
000234613 980__ $$aEXPERIMENT
000234613 980__ $$aAUTHORITY